000 00595nam a2200181 i 4500
001 40536
003 ES-MaACL
007 t|
008 030306s1931 sp ||||1| spa d
100 1 _aCarrión, Pascual,
_d1891-1976
_935807
245 1 3 _aLa reforma agraria
_b: problemas fundamentales /
_cpor Pascual Carrión.
260 _aMadrid :
_b[Pueyo,
_c1931] (
_fTall. Voluntad)
300 _a138 p. ;
_c19 cm.
490 1 _aEstudios políticos, sociales y económicos
830 0 _aEstudios políticos, sociales y económicos
_9186367
852 _aES-MaACL
_jC-7377
999 _c40536
_d40536